Status of unorganised labour / (Record no. 57137)

MARC details
000 -LEADER
fixed length control field 00637nam a22002057a 4500
005 - DATE AND TIME OF LATEST TRANSACTION
control field 20110929110351.0
010 ## - LCCN (DPL NO)
LC control number G-001649
020 ## - INTERNATIONAL STANDARD BOOK NUMBER
Terms of availability 575.00
International Standard Book Number 9788183564939
035 1d - SYSTEM CONTROL NUMBER
System control number G-001649
037 ## - SOURCE OF ACQUISITION
Source of stock number/acquisition Gift
082 ## - DEWEY DECIMAL CLASSIFICATION NUMBER
Classification number 331.110954
245 E# - TITLE STATEMENT
Title Status of unorganised labour /
Statement of responsibility, etc edited by A. Selva Kumar
260 ## - PUBLICATION, DISTRIBUTION, ETC. (IMPRINT)
Place of publication, distribution, etc New Delhi
Name of publisher, distributor, etc Discovery Publishing House
Date of publication, distribution, etc 2009
270 ## - ADDRESS
Address 4831/24, Ansari Road, Darya Gnaj
City New Delhi
Postal code 110002
300 ## - PHYSICAL DESCRIPTION
Extent 203p.
Dimensions 22cm(Hb)
500 ## - GENERAL NOTE
General note Includes index
700 ## - ADDED ENTRY--PERSONAL NAME
Personal name Selva Kumar, A.
9 (RLIN) 35028
942 ## - ADDED ENTRY ELEMENTS (KOHA)
Source of classification or shelving scheme Dewey Decimal Classification
Item type English Books
Classification part 331.110954
Call number suffix STA

No items available.


© Delhi Public Library
Hit Counter
free hit counter